| 000 | 00750nam a2200217 a 4500 | ||
|---|---|---|---|
| 001 | BRCA_3532 | ||
| 005 | 20190320204325.0 | ||
| 008 | 280709s1919----u--a---###---#000-0#eng-# | ||
| 041 | _aeng | ||
| 044 | _au | ||
| 050 | 4 |
_aF1376 _b.K44 1919 |
|
| 100 | 1 |
_aKelsey, Albert _99169 |
|
| 245 | 1 | 0 |
_aYucatecan scenes and souds _bAn address _cby Albert Kelsey... delivered before the Numismatic and Antiquarian Society of Philadelphia on March 18, 1918, published simultaneously with the Proceedings of the Society. |
| 260 |
_aPhiladelphia, Pensilvania _b[s.n.] _c1919 |
||
| 300 |
_a40 p. _bil. _c21 cm. |
||
| 500 | _aB198 | ||
| 650 | 1 | 4 |
_aViajeros estadounidenses _97583 |
| 651 | 4 |
_aYucatán _xDescripción y viajes _99170 |
|
| 902 | _aGFM | ||
| 942 |
_2lcc _cB |
||
| 999 |
_c3267 _d3267 |
||